Disciplining Interdisciplinarity (Record no. 351082)
[ view plain ]
| 000 -LEADER | |
|---|---|
| fixed length control field | 00555nam a2200133Ia 4500 |
| 008 - FIXED-LENGTH DATA ELEMENTS--GENERAL INFORMATION | |
| fixed length control field | 171212s9999 xx 000 0 und d |
| 020 ## - INTERNATIONAL STANDARD BOOK NUMBER | |
| International Standard Book Number | 9781922144270 |
| 100 ## - MAIN ENTRY--PERSONAL NAME | |
| Personal name | Bammer, Gabriele |
| 245 ## - TITLE STATEMENT | |
| Statement of responsibility, etc | Bammer, Gabriele |
| Title | Disciplining Interdisciplinarity |
| Remainder of title | Integration and Implementation Sciences for Researching Complex Real-World Problems |
| 260 ## - PUBLICATION, DISTRIBUTION, ETC. (IMPRINT) | |
| Name of publisher, distributor, etc | ANU E Press |
| Date of publication, distribution, etc | 2013 |
| 650 ## - SUBJECT ADDED ENTRY--TOPICAL TERM | |
| Topical term or geographic name as entry element | General Science |
| 650 ## - SUBJECT ADDED ENTRY--TOPICAL TERM | |
| Topical term or geographic name as entry element | Social sciences -- Methodology; Science -- Methodology; Applied sociology; Social problems |
| 856 ## - ELECTRONIC LOCATION AND ACCESS | |
| Uniform Resource Identifier | <a href="www.jstor.org/stable/10.2307/j.ctt2jbkj5">www.jstor.org/stable/10.2307/j.ctt2jbkj5</a> |
| Withdrawn status | Lost status | Damaged status | Home library | Current library | Date acquired | Total Checkouts | Date last seen | Price effective from | Koha item type |
|---|---|---|---|---|---|---|---|---|---|
| College Library | College Library | 12/12/2017 | 12/12/2017 | 12/12/2017 | Curriculum - Based eBooks |